Moral Compass; for Young People (Record no. 328292)
[ view plain ]
| 000 -LEADER | |
|---|---|
| fixed length control field | 00417 a2200157 4500 |
| 001 - CONTROL NUMBER | |
| control field | 93219 |
| 003 - CONTROL NUMBER IDENTIFIER | |
| control field | NUST |
| 005 - DATE AND TIME OF LATEST TRANSACTION | |
| control field | 20180120131205.0 |
| 008 - FIXED-LENGTH DATA ELEMENTS--GENERAL INFORMATION | |
| fixed length control field | 180120b xxu||||| |||| 00| 0 eng d |
| 020 ## - INTERNATIONAL STANDARD BOOK NUMBER | |
| International Standard Book Number | 978-969-494-740-2 |
| 082 ## - DEWEY DECIMAL CLASSIFICATION NUMBER | |
| Classification number | 174.962/RAF |
| 100 ## - MAIN ENTRY--PERSONAL NAME | |
| Personal name | Muhammad Rafi |
| 9 (RLIN) | 9194 |
| 245 ## - TITLE STATEMENT | |
| Title | Moral Compass; for Young People |
| Statement of responsibility, etc. | Mohammad Rafi |
| 250 ## - EDITION STATEMENT | |
| Edition statement | Pakistan Edition |
| 260 ## - PUBLICATION, DISTRIBUTION, ETC. | |
| Place of publication, distribution, etc. | Karachi |
| Name of publisher, distributor, etc. | Paramount Publishing Enterprise |
| Date of publication, distribution, etc. | 2013 |
| 300 ## - PHYSICAL DESCRIPTION | |
| Extent | ii,80p. |
| 710 ## - ADDED ENTRY--CORPORATE NAME | |
| Corporate name or jurisdiction name as entry element | morality |
| 9 (RLIN) | 9195 |
| 942 ## - ADDED ENTRY ELEMENTS (KOHA) | |
| Institution code [OBSOLETE] | CAE NUST |
| Koha item type | Book |
| Call number prefix | 174.962/RAF |
| Source of classification or shelving scheme | |
| Withdrawn status | Lost status | Damaged status | Not for loan | Collection code | Permanent Location | Current Location | Date acquired | Total Checkouts | Full call number | Barcode | Date last seen | Price effective from | Koha item type |
|---|---|---|---|---|---|---|---|---|---|---|---|---|---|
| College of Aeronautical Engineering (CAE) | College of Aeronautical Engineering (CAE) | 04/03/2017 | 174.962/RAF | CAE89096 | 04/05/2017 | 04/05/2017 | Book |
